Africa But It's 29 Cartoon Impressions Quiz Stats

 Plays Quiz not verified by Sporcle

Score 0/29 Timer 06:00
0 Plays Today
Franchise Characters % Correct
Ed Edd n EddyEd
100%
Ed Edd n EddyEddy
100%
Ed Edd n EddyEdd
100%
Beavis & ButtheadBeavis
75%
Ren & StimpyRen
75%
Batman the Animated SeriesThe Joker
75%
Mickey MouseGoofy
50%
FuturamaZoidberg
50%
The Lion KingTimon
50%
Beavis & ButtheadButt-Head
50%
The Wild ThornberrysNigel Thornberry
50%
The Peter Potamus ShowPeter Potamus
50%
Spongebob SquarepantsMr. Krabs
25%
The IncrediblesEdna Mode
25%
Spongebob SquarepantsPlankton
25%
Franchise Characters % Correct
Venture BrosThe Monarch
25%
Family GuyPeter Griffin
25%
Space GhostBrak
25%
The CriticJay Sherman
25%
The FlintstonesBarney Rubble
25%
The SimpsonsKrusty the Clown
0%
Family GuyJoe Swanson
0%
Venture BrosDr. Girlfriend
0%
MetalocalypseSkwisgaar Skwigelf
0%
MetalocalypseToki Wartooth
0%
South ParkJimmy Valmer
0%
Looney TunesPete Puma
0%
Wreck it RalphKing Candy
0%
ShrekGingy
0%

You're not logged in!

Compare scores with friends on all Sporcle quizzes.
OR
Log In

Sporcle TV

Today on Sporcle TV


Watch our educational content, quiz creation guides, and fun videos on Sporcle TV.

Show Comments

Extras

Top Quizzes Today


Score Distribution

Your Account Isn't Verified!

In order to create a playlist on Sporcle, you need to verify the email address you used during registration. Go to your Sporcle Settings to finish the process.

Report this User

Report this user for behavior that violates our Community Guidelines.

Details: